000 01045nam a22002297a 4500
999 _c10450
_d10450
003 AR-CdUCM
008 190401b ||||| |||| 00| 0 spa d
040 _aMUNICIPALIDAD PROVINCIAL DEL CUSCO
_cBIBLIOTECA MUNICIPAL DEL CUSCO
082 _a970.02 /
_bN53 / 1963
100 _aNicolau D'Olwer, Luis
_927315
245 _aCronistas de las culturas precolombinas :
_bColón, Vespucci, Pané, Las Casas, Oviedo ... [et al.] /
260 _aMéxico, D.F :
_bFondo de Cultura Económica,
_c1963.
300 _a756 páginas ;
_bIlustraciones,
_c21 cm.
440 _aCronistas de Indias ;
_918726
505 _aContenido: Las avanzadas del Nuevo Mundo -- Los pueblos de Nordeste -- Las grandes culturas de Mesoamérica y sus anexas -- Tierra firme, de mar a mar -- El mundo incaico -- El laberinto fluvial -- Chile y el extremo Sur -- El Norte lejano.
650 _aCronistas
_91200
650 _aBiobibliografías
_925454
650 _aÉpoca Prehispánica
_92714
650 _aDescripciones y viajes
_9497
942 _2ddc
_cLIBROS
945 _aacv